000 00604nam a2200229Ia 4500
003 OSt
005 20220928105052.0
006 a|||||r|||| 00| 0
007 ta
008 220927b |||||||| |||| 00| 0 hin d
024 _a63066
037 _cTextual
040 _aSDCL
_cSDCL
_bhin
041 _2hin
_ahin
082 _aO168,3N27x, N5
100 _aHaidar Qurratul Ain
_9413569
245 0 _aTeen upanyash
260 _aNew Delhi
_bRajkamal Prakashan
_c1995
300 _a327p.
_ccm.
942 _hO168,3N27x, N5
_cTEXL
_2CC
999 _c729354
_d729354